000 00600nam a22001937a 4500
003 NUST
005 20230206124050.0
008 190807b ||||| |||| 00| 0 eng d
038 _aMr. Noman
082 _a658.4
100 _aAbbasi, Sohail
_919161
245 _aHR turnover challenges faced by untangle solutions A Pakistan based software startup & Proposed strategy recommendations
_cSOHAIL ABBASI
260 _aIslamabad:
_bNBS - NUST,
_c2014.
300 _a39 p.: ill.;
_c30cm.
500 _aHardcover.
650 _aEMBA Thesis.
_917645
700 _aAsad Amjad.
_917926
942 _2ddc
_cTHE
999 _c527745
_d527745